000 00383nam a2200133 i 4500
001 bg
100 1 _aLEHNINGER, Albert L.
245 0 _aBioenergetyka :
_bmolekularne podstawy przemian energetycznych w organizmach żywych /
_cAlbert L. Lehninger.
260 _aWarszawa :
_bPWN,
_c1978.
040 _cBPK
041 _apol
942 _cKS
008 s pl f |000 0 pol
999 _c17856
_d17856
856 _uhttp://koha.tu.koszalin.pl/cgi-bin/koha/opac-detail.pl?biblionumber=17856
_yKatalog online BPK